000 00715nam a2200265 i 4500
001 C2-0289673
003 PPAK
005 20180728022405.0
008 080826s2008 my |||| ||||| | may d
020 _a9789831270899
040 _aPPAK
_beng
_cPPAK
_erda
082 0 4 _a899.233
_223
090 0 0 _a899.233
_bSYE
_dG
100 0 _aSyed Mahadzir,
_eauthor
245 1 0 _aBalada malam minggu
264 1 _aKuala Lumpur :
_bPenerbitan Generasi Baru ,
_c2008
300 _a223 pages ;
_c21 cm
336 _2rdacontent
_atext
337 _2rdamedia
_aunmediated
338 _2rdacarrier
_avolume
490 1 _aSiri antologi cereka
650 1 0 _aMalay fiction.
830 0 _aSiri antologi cereka
942 _ddc
_cB
999 _c95049
_d95049